[Event "Olympiad-28"]
[Site "Thessaloniki"]
[Date "1988.11.20"]
[Round "7"]
[White "Pelts, Roman"]
[Black "Wong, Foong Yin"]
[Result "1-0"]
[WhiteElo "2450"]
[BlackElo "2250"]
[PlyCount "157"]
[EventDate "1988.11.13"]
[EventType "team-swiss"]
[EventRounds "14"]
[EventCountry "GRE"]
[SourceTitle "TD"]
[Source "ChessBase"]
[SourceDate "1994.03.01"]
[SourceVersion "1"]
[SourceVersionDate "1994.03.01"]
[SourceQuality "1"]
[WhiteTeam "Canada"]
[BlackTeam "Singapore"]
[WhiteTeamCountry "CAN"]
[BlackTeamCountry "SIN"]

1. Nf3 Nf6 2. c4 e6 3. d4 b6 4. g3 Ba6 5. b3 Bb4+ 6. Bd2 Be7 7. Bg2 d5 8. cxd5 exd5 9. 0-0 0-0 10. Nc3 c6 11. Qc2 Nbd7 12. Rfe1 Bb7 13. Rad1 Re8 14. Qb2 Bd6 15. Nh4 Ne4 16. Nxe4 dxe4 17. Nf5 Bf8 18. Qb1 Nf6 19. Bg5 Qd5 20. Nh6+ Kh8 21. Bxf6 gxf6 22. Ng4 Qe6 23. Ne3 Rad8 24. Qb2 h5 25. Qc3 a5 26. Nc2 h4 27. Qe3 hxg3 28. fxg3 c5 29. Kh1 cxd4 30. Nxd4 Qe5 31. Qg1 Bc5 32. e3 Rd6 33. Nb5 Rdd8 34. Qf2 Ba6 35. Nd4 Bb4 36. Rg1 Rc8 37. Nf5 Rg8 38. g4 Rgd8 39. Qh4+ Kg8 40. Nh6+ Kf8 41. Nf5 Ke8 42. Qh8+ Bf8 43. Nd4 Bd3 44. Bf1 Rc5 45. g5 fxg5 46. Qxe5+ Rxe5 47. Nc6 Red5 48. Nxd8 Kxd8 49. Bxd3 exd3 50. e4 Rd6 51. Rg3 d2 52. Rg2 Re6 53. Rgxd2+ Ke7 54. Rd7+ Kf6 55. Rf1+ Kg6 56. Rfxf7 Bc5 57. Rg7+ Kh5 58. Rd5 Be3 59. Kg2 Rxe4 60. Kf3 Re6 61. h4 Kh6 62. Rgd7 Bc5 63. hxg5+ Kg6 64. Rc7 Be3 65. Rc2 Bg1 66. Rc1 Bc5 67. Rcxc5 bxc5 68. Rxc5 a4 69. bxa4 Rb6 70. a5 Re6 71. Kf4 Re2 72. Rc6+ Kf7 73. g6+ Kg7 74. a6 Rxa2 75. Ke3 Kf8 76. Kd3 Ke7 77. g7 Kf7 78. Rc7+ Kg8 79. a7 1-0

[Event "Canadian op"]
[Site "Scarborough"]
[Date "1988.07.22"]
[Round "9"]
[White "Pelts, Roman"]
[Black "Nickoloff, Bryon"]
[Result "1/2-1/2"]
[WhiteElo "2469"]
[BlackElo "2439"]
[PlyCount "60"]
[EventDate "1988.07.15"]
[EventType "tourn"]
[EventRounds "10"]
[EventCountry "CAN"]
[SourceTitle "EXT 2022"]
[Source "ChessBase"]
[SourceDate "2021.10.06"]
[SourceVersion "1"]
[SourceVersionDate "2021.10.06"]
[SourceQuality "1"]

1. d4 Nf6 2. c4 g6 3. Nf3 Bg7 4. g3 c6 5. Bg2 d5 6. cxd5 cxd5 7. Ne5 e6 8. Nc3 Nfd7 9. f4 Nb6 10. 0-0 0-0 11. a4 a5 12. b3 f6 13. Nd3 Nc6 14. Nb5 Rf7 15. Ba3 Bf8 16. Qc1 Nb4 17. Qd2 Nxd3 18. Qxd3 Bxa3 19. Nxa3 Bd7 20. Rfc1 Bc6 21. e3 Nc8 22. Nb5 Nd6 23. Nxd6 Qxd6 24. Qc3 Rc7 25. Bf1 Rcc8 26. Qc5 Qd8 27. Qa3 Qf8 28. Qxf8+ Kxf8 29. Rc5 b6 30. Rc3 Bd7 1/2-1/2

[Event "Toronto"]
[Site "Toronto"]
[Date "1987.??.??"]
[Round "?"]
[White "Pelts, Roman"]
[Black "Nickoloff, Bryon"]
[Result "1-0"]
[WhiteElo "2430"]
[BlackElo "2375"]
[PlyCount "150"]
[EventDate "1987.??.??"]
[EventType "tourn"]
[EventRounds "11"]
[EventCountry "CAN"]
[EventCategory "5"]
[SourceTitle "EXT 1997"]
[Source "ChessBase"]
[SourceDate "1996.11.15"]
[SourceVersion "1"]
[SourceVersionDate "1996.11.15"]
[SourceQuality "1"]

1. Nf3 Nf6 2. c4 e6 3. g3 a6 4. Nc3 d5 5. cxd5 exd5 6. d4 c6 7. Bg2 Be7 8. 0-0 0-0 9. Ne5 Nbd7 10. Nd3 Qb6 11. e3 Bd6 12. Kh1 Re8 13. f3 c5 14. dxc5 Nxc5 15. Nf4 Be6 16. Ncxd5 Nxd5 17. Nxd5 Bxd5 18. Qxd5 Rad8 19. Qc4 Be5 20. f4 Bf6 21. Bd5 Rd7 22. Rb1 Rde7 23. Bd2 Ne4 24. Bb4 Rc7 25. Qb3 Qb5 26. Rfc1 Rd7 27. Bxe4 Rxe4 28. Bc5 Qxb3 29. axb3 Re8 30. Rd1 Red8 31. Rxd7 Rxd7 32. e4 Rd3 33. e5 Bd8 34. Rc1 h5 35. Rc3 Rd1+ 36. Kg2 Kh7 37. Be3 Ba5 38. Rc4 Rd3 39. Bc1 Kg6 40. b4 Bb6 41. Rc3 Rd1 42. b3 Kf5 43. Be3 Bxe3 44. Rxe3 Rd2+ 45. Kh3 g5 46. fxg5 Rd4 47. b5 Kxg5 48. e6 fxe6 49. bxa6 bxa6 50. Re5+ Kf6 51. Rxh5 e5 52. Rh6+ Kf5 53. g4+ Kg5 54. Rh5+ Kf6 55. Rf5+ Ke6 56. Kg3 Rb4 57. Rf3 e4 58. Rc3 Ke5 59. g5 Kd4 60. Rc4+ Rxc4 61. bxc4 e3 62. g6 Kd3 63. g7 e2 64. Kf2 Kd2 65. g8Q e1Q+ 66. Kg2 Qe2+ 67. Kg3 Qe5+ 68. Kg4 Qe4+ 69. Kh5 Qe2+ 70. Kg6 Qg4+ 71. Kh7 Qh5+ 72. Kg7 Qg4+ 73. Kf8 Qc8+ 74. Kg7 Qg4+ 75. Kf8 Qc8+ 1-0

[Event "Quebec int"]
[Site "Montreal"]
[Date "1986.??.??"]
[Round "9"]
[White "Hebert, Jean"]
[Black "Pelts, Roman"]
[Result "1/2-1/2"]
[WhiteElo "2400"]
[BlackElo "2440"]
[PlyCount "81"]
[EventDate "1986.??.??"]
[EventType "tourn"]
[EventRounds "9"]
[EventCountry "CAN"]
[EventCategory "8"]
[SourceTitle "EXT 1999"]
[Source "ChessBase"]
[SourceDate "1998.11.16"]
[SourceVersion "1"]
[SourceVersionDate "1998.11.16"]
[SourceQuality "1"]

1. e4 c5 2. Nf3 e6 3. d4 cxd4 4. Nxd4 Nf6 5. Nc3 d6 6. Be2 Be7 7. 0-0 0-0 8. f4 a6 9. Kh1 Qc7 10. Bf3 Nc6 11. a4 Rb8 12. Be3 Na5 13. Bg1 e5 14. Nde2 b6 15. Qe1 Bb7 16. Ng3 Rfe8 17. fxe5 dxe5 18. Be2 Nc4 19. Rb1 Nd6 20. Bd3 Bc8 21. h3 b5 22. axb5 Nxb5 23. Nxb5 axb5 24. Qe2 Qc6 25. Rf3 Be6 26. Nf5 Bxf5 27. Rxf5 Nd7 28. b4 Rec8 29. Be3 f6 30. Rf2 Nf8 31. Rff1 Ne6 32. Rfc1 Nf4 33. Bxf4 exf4 34. c4 bxc4 35. Rxc4 Qb6 36. b5 Rxc4 37. Bxc4+ Kh8 38. Rd1 Rd8 39. Rxd8+ Qxd8 40. Qh5 g6 41. Qd5 1/2-1/2

[Event "Quebec int"]
[Site "Montreal"]
[Date "1986.??.??"]
[Round "2"]
[White "Ivanov, Igor Vasilievich"]
[Black "Pelts, Roman"]
[Result "0-1"]
[WhiteElo "2485"]
[BlackElo "2440"]
[PlyCount "126"]
[EventDate "1986.??.??"]
[EventType "tourn"]
[EventRounds "9"]
[EventCountry "CAN"]
[EventCategory "8"]
[SourceTitle "EXT 2002"]
[Source "ChessBase"]
[SourceDate "2001.11.25"]
[SourceVersion "1"]
[SourceVersionDate "2001.11.25"]
[SourceQuality "1"]

1. d4 d5 2. Nf3 e6 3. c4 Be7 4. Nc3 Nf6 5. Bg5 h6 6. Bh4 0-0 7. e3 b6 8. Bd3 Bb7 9. 0-0 Nbd7 10. Qe2 c5 11. Rad1 Ne4 12. Bg3 Nxg3 13. hxg3 cxd4 14. exd4 a6 15. Rfe1 Bb4 16. cxd5 exd5 17. Rc1 Re8 18. Qxe8+ Qxe8 19. Rxe8+ Rxe8 20. Na4 Rc8 21. Rxc8+ Bxc8 22. Bf5 Ba5 23. a3 g6 24. Bh3 f5 25. b4 b5 26. bxa5 bxa4 27. g4 Nb8 28. gxf5 Nc6 29. fxg6 Bxh3 30. gxh3 Nxa5 31. Ne5 Nb3 32. Nc6 Kg7 33. Kf1 Nd2+ 34. Ke2 Nc4 35. Nb4 Nxa3 36. Nxd5 Nc2 37. Kd3 Ne1+ 38. Kd2 Nf3+ 39. Ke3 Ne1 40. Nc3 a3 41. d5 Kxg6 42. Kd4 Kf6 43. Kc4 Ke5 44. f4+ Kxf4 45. d6 Nf3 46. Kd5 Ne5 47. Ke6 Nc6 48. d7 h5 49. Kd6 Nd8 50. Kc5 Kg3 51. Kb4 Kxh3 52. Kxa3 h4 53. Ne2 Kg4 54. Ng1 Kf4 55. Kb4 Nb7 56. Kc4 Ke4 57. Nh3 Ke5 58. Kb4 Kd6 59. d8Q+ Nxd8 60. Ka5 Ne6 61. Kxa6 Ke5 62. Kb5 Ke4 63. Kc4 Kf3 0-1

[Event "Olympiad-26"]
[Site "Thessaloniki"]
[Date "1984.12.01"]
[Round "12"]
[White "Pelts, Roman"]
[Black "Ree, Hans"]
[Result "1/2-1/2"]
[WhiteElo "2435"]
[BlackElo "2480"]
[PlyCount "56"]
[EventDate "1984.11.19"]
[EventType "team-swiss"]
[EventRounds "14"]
[EventCountry "GRE"]
[SourceTitle "EXT 1997"]
[Source "ChessBase"]
[SourceDate "1996.11.15"]
[SourceVersion "1"]
[SourceVersionDate "1996.11.15"]
[SourceQuality "1"]
[WhiteTeam "Canada"]
[BlackTeam "Netherlands"]
[WhiteTeamCountry "CAN"]
[BlackTeamCountry "NED"]

1. Nf3 g6 2. d4 Bg7 3. g3 c5 4. d5 Nf6 5. Bg2 0-0 6. 0-0 d6 7. Nc3 Na6 8. Nd2 Nc7 9. a4 Rb8 10. Nc4 b6 11. Bf4 Ba6 12. Na3 Qd7 13. Qd2 Rfe8 14. Bh6 Bxh6 15. Qxh6 e6 16. dxe6 Nxe6 17. Rfd1 Bb7 18. e4 Nd4 19. Qh4 Qe7 20. Nab5 Nxe4 21. Qxe7 Rxe7 22. Nxe4 Bxe4 23. Nxd4 cxd4 24. Rxd4 Bxc2 25. Rxd6 Rbe8 26. Bc6 Re1+ 27. Rxe1 Rxe1+ 28. Kg2 Be4+ 1/2-1/2

[Event "CAN-ch"]
[Site "Ottawa"]
[Date "1984.??.??"]
[Round "9"]
[White "Baragar, Fletcher"]
[Black "Pelts, Roman"]
[Result "1/2-1/2"]
[WhiteElo "2280"]
[BlackElo "2435"]
[PlyCount "76"]
[EventDate "1984.??.??"]
[EventType "tourn"]
[EventRounds "15"]
[EventCountry "CAN"]
[EventCategory "4"]
[SourceTitle "MCD"]
[Source "ChessBase"]
[SourceDate "1999.07.01"]
[SourceVersion "1"]
[SourceVersionDate "1999.07.01"]
[SourceQuality "1"]

1. d4 Nf6 2. c4 d6 3. Nc3 Nbd7 4. e4 e5 5. Nf3 g6 6. Be2 Bg7 7. 0-0 0-0 8. Re1 h6 9. Bf1 Nh7 10. dxe5 dxe5 11. Be3 c6 12. Qc1 h5 13. c5 Qe7 14. b4 Ndf6 15. h3 Rd8 16. Qc2 Ne8 17. Rad1 Be6 18. Nd2 Bf6 19. Nc4 Bxc4 20. Bxc4 Bg5 21. Qb3 Kg7 22. Nb1 Bxe3 23. Qxe3 Rxd1 24. Rxd1 Rd8 25. Rd3 Nc7 26. Nd2 Nf8 27. a3 Rxd3 28. Qxd3 Qd7 29. Qxd7 Nxd7 30. Bd3 Kf6 31. Nc4 b6 32. cxb6 axb6 33. g3 Ke6 34. f4 b5 35. Nd2 c5 36. bxc5 Nxc5 37. Be2 h4 38. Kf2 hxg3+ 1/2-1/2

[Event "Canadian op"]
[Site "Toronto"]
[Date "1983.07.09"]
[Round "1"]
[White "Nikolovski, Vladimir"]
[Black "Pelts, Roman"]
[Result "1-0"]
[WhiteElo "2102"]
[BlackElo "2397"]
[PlyCount "67"]
[EventDate "1983.07.09"]
[EventType "swiss"]
[EventRounds "10"]
[EventCountry "CAN"]
[SourceTitle "EXT 2022"]
[Source "ChessBase"]
[SourceDate "2021.10.06"]
[SourceVersion "1"]
[SourceVersionDate "2021.10.06"]
[SourceQuality "1"]

1. e4 c5 2. Nf3 d6 3. d4 cxd4 4. Nxd4 Nf6 5. Nc3 a6 6. Be2 e6 7. 0-0 Be7 8. Be3 Qc7 9. f4 0-0 10. Qe1 b5 11. a3 Bb7 12. Bf3 Nbd7 13. Rd1 Nc5 14. Bc1 Rad8 15. Rf2 g6 16. e5 Ne8 17. b4 dxe5 18. fxe5 Nd7 19. Bf4 Ng7 20. Bxb7 Qxb7 21. Ne4 f6 22. Bh6 Nxe5 23. Bxg7 Rxd4 24. Rxd4 Kxg7 25. Rfd2 Qb6 26. Kh1 Nc4 27. Rd7 Rf7 28. R2d3 e5 29. Qh4 Qe6 30. Ra7 h5 31. Rdd7 Ne3 32. Nc5 Qf5 33. Qe1 Nxc2 34. Qc1 1-0

[Event "Quebec op"]
[Site "Montreal"]
[Date "1982.08.05"]
[Round "5"]
[White "Rousseau, Daniel"]
[Black "Pelts, Roman"]
[Result "1-0"]
[WhiteElo "2100"]
[BlackElo "2416"]
[PlyCount "127"]
[EventDate "1982.08.01"]
[EventType "swiss"]
[EventRounds "8"]
[EventCountry "CAN"]
[SourceTitle "EXT 2022"]
[Source "ChessBase"]
[SourceDate "2021.10.06"]
[SourceVersion "1"]
[SourceVersionDate "2021.10.06"]
[SourceQuality "1"]

1. e4 c5 2. Nf3 e6 3. d4 cxd4 4. Nxd4 Nc6 5. Nc3 d6 6. Be2 Be7 7. 0-0 Nf6 8. Be3 Bd7 9. f4 Nxd4 10. Bxd4 Bc6 11. Qd3 0-0 12. Qg3 g6 13. Bd3 b5 14. Rae1 b4 15. Nd1 d5 16. e5 Ne4 17. Qh3 Bc5 18. Bxc5 Nxc5 19. Qh6 f5 20. exf6 Qxf6 21. Re5 Nd7 22. Rg5 Qg7 23. Qh3 Rae8 24. Qg3 Rf6 25. Ne3 e5 26. Ng4 Rxf4 27. Rxf4 exf4 28. Qxf4 Qe7 29. h3 Rf8 30. Nh6+ Kh8 31. Qh4 Ne5 32. Nf5 Qf6 33. Nd4 Bd7 34. Nf3 Nxf3+ 35. gxf3 Qxf3 36. Rxg6 Qe3+ 37. Kh2 Rf2+ 38. Rg2 Qf4+ 39. Qxf4 Rxf4 40. Re2 Rf7 41. Re5 Bc6 42. Kg3 Kg7 43. Rg5+ Kh6 44. Rf5 Rxf5 45. Bxf5 d4 46. Kf4 Bd5 47. Ke5 Bg8 48. Kxd4 Kg5 49. Bd7 h5 50. a3 bxa3 51. bxa3 Kf6 52. h4 Ke7 53. Bf5 Bf7 54. Ke5 Be8 55. c4 Bc6 56. Bg6 Bf3 57. Kf5 Kd6 58. Kg5 Be2 59. Bxh5 Bxc4 60. Kf6 Kc5 61. Bf7 Be2 62. h5 Bxh5 63. Bxh5 a5 64. a4 1-0

[Event "Quebec op"]
[Site "Montreal"]
[Date "1982.08.03"]
[Round "3"]
[White "Bolduc, Steve"]
[Black "Pelts, Roman"]
[Result "0-1"]
[WhiteElo "2120"]
[BlackElo "2414"]
[PlyCount "114"]
[EventDate "1982.08.01"]
[EventType "swiss"]
[EventRounds "8"]
[EventCountry "CAN"]
[SourceTitle "EXT 2022"]
[Source "ChessBase"]
[SourceDate "2021.10.06"]
[SourceVersion "1"]
[SourceVersionDate "2021.10.06"]
[SourceQuality "1"]

1. d4 Nf6 2. c4 g6 3. g3 Bg7 4. Bg2 0-0 5. Nf3 d6 6. 0-0 Nbd7 7. Nc3 e5 8. e4 c6 9. h3 a5 10. Be3 exd4 11. Nxd4 Re8 12. Qc2 Nc5 13. Nb3 Nfd7 14. Rad1 Qe7 15. Rd2 Bxc3 16. Qxc3 Nxe4 17. Bxe4 Qxe4 18. Rxd6 Qe5 19. Rd3 Qh5 20. Bd4 Qxh3 21. Bh8 Qh6 22. Rfd1 a4 23. Na5 Nc5 24. Rd8 Bg4 25. Rxa8 Rxa8 26. Re1 Qf8 27. b4 axb3 28. axb3 Bf5 29. f3 f6 30. Bxf6 Re8 31. Rxe8 Qxe8 32. Qe5 Qxe5 33. Bxe5 Bc8 34. Kf1 Kf7 35. Ke2 Nd7 36. Bc3 c5 37. b4 cxb4 38. Bxb4 b6 39. Nb3 Ba6 40. Nd2 Ne5 41. Ke3 Nxc4+ 42. Nxc4 Bxc4 43. Kf4 Be2 44. Kg5 Bxf3 45. Kh6 Kg8 46. Bc3 b5 47. Ba1 b4 48. Bb2 Bc6 49. Ba1 Be4 50. Bb2 Bf5 51. Bg7 Bc2 52. Bb2 Kf7 53. Kxh7 Ke6 54. Kh6 Kd5 55. Kg5 Kc4 56. Kf4 Kb3 57. Bc1 Ka2 0-1

[Event "Quebec op"]
[Site "Montreal"]
[Date "1980.08.10"]
[Round "8"]
[White "Pelts, Roman"]
[Black "Barbeau, Sylvain"]
[Result "1-0"]
[WhiteElo "2510"]
[BlackElo "2272"]
[PlyCount "59"]
[EventDate "1980.08.03"]
[EventType "swiss"]
[EventRounds "8"]
[EventCountry "CAN"]
[SourceTitle "EXT 2022"]
[Source "ChessBase"]
[SourceDate "2021.10.06"]
[SourceVersion "1"]
[SourceVersionDate "2021.10.06"]
[SourceQuality "1"]

1. Nf3 Nf6 2. g3 g6 3. Bg2 Bg7 4. d4 0-0 5. 0-0 d6 6. c4 Nc6 7. d5 Na5 8. Nfd2 c5 9. Nc3 a6 10. Qc2 Rb8 11. b3 b5 12. Bb2 bxc4 13. bxc4 Bh6 14. f4 e5 15. dxe6 Bxe6 16. Nd5 Bxd5 17. cxd5 Ng4 18. Bc3 Rb5 19. Qd3 Qb6 20. h3 Ne5 21. Qc2 Nac4 22. fxe5 Nxd2 23. Bxd2 Rb2 24. Ba5 Qb5 25. a4 Rxc2 26. axb5 axb5 27. exd6 Bg5 28. h4 Bd8 29. Bc7 Rxe2 30. Ra8 1-0

[Event "Canadian op"]
[Site "Ottawa"]
[Date "1980.07.22"]
[Round "5"]
[White "Day, Lawrence A"]
[Black "Pelts, Roman"]
[Result "0-1"]
[WhiteElo "2392"]
[BlackElo "2275"]
[PlyCount "111"]
[EventDate "1980.07.19"]
[EventType "swiss"]
[EventRounds "10"]
[EventCountry "CAN"]
[SourceTitle "EXT 2022"]
[Source "ChessBase"]
[SourceDate "2021.10.06"]
[SourceVersion "1"]
[SourceVersionDate "2021.10.06"]
[SourceQuality "1"]

1. e4 c5 2. Nc3 Nc6 3. g3 g6 4. Bg2 Bg7 5. d3 d6 6. Nh3 e6 7. 0-0 Nge7 8. Be3 0-0 9. Qd2 Re8 10. Rab1 b6 11. Bh6 Bh8 12. f4 Bb7 13. g4 f5 14. gxf5 exf5 15. exf5 Bd4+ 16. Kh1 Nxf5 17. Bg5 Qd7 18. Ne4 Rf8 19. c3 Bg7 20. Ng3 Ncd4 21. Qf2 Nxg3+ 22. Qxg3 Nf5 23. Qf2 Rae8 24. Rbe1 Bxg2+ 25. Kxg2 Qb7+ 26. Kg1 Qd5 27. Rxe8 Rxe8 28. Re1 Rxe1+ 29. Qxe1 h6 30. Bd8 Qxd3 31. Nf2 Qf3 32. Qe4 Qxe4 33. Nxe4 Kf7 34. Bc7 Ke6 35. Bd8 Ne3 36. a4 Nd5 37. a5 bxa5 38. Bxa5 Nxf4 39. Bc7 Be5 40. c4 Nd3 41. b3 Nc1 42. Nd2 Bf4 43. Ne4 Nxb3 44. h3 a5 45. Nc3 Be5 46. Na4 Kf5 47. Kf2 Ke4 48. Ke2 Kd4 49. Nb6 a4 50. Nxa4 Kxc4 51. Ke3 Kb5 52. Nb6 Kc6 53. Bd8 d5 54. Na4 c4 55. Ke2 Bd4 56. Ba5 0-1